000 02106cam a2200421 i 4500
999 _c10141
_d10141
001 878914568
003 OCoLC
005 20241126110726.0
008 140516s2013 enk d 000 0 eng
010 _a2013388933
020 _a9780199659623
020 _a0199659621
035 _a(OCoLC)878914568
040 _aDLC
_beng
_erda
_cDLC
_dDEBBG
_dCUD
_dOCLCF
_dOCL
_dNZTPM
_dOCLCQ
_dYDX
_dOCLCQ
_dOCLCO
_dRCE
_dVTS
_dUKMGB
_dOCLCA
_dOCLCQ
_dUKUSR
_dATH
042 _apcc
050 0 0 _aBR95
_b.O82 2013
050 0 0 _aBR95
_b.O82 2013
082 0 0 _a270.03
_223
_bCON
245 0 4 _aThe concise Oxford dictionary of the Christian Church /
_c[edited by] E.A. Livingstone ; assisted by M.W.D. Sparks and R.W. Peacocke.
246 1 4 _aOxford concise dictionary of the Christian Church
246 3 0 _aConcise dictionary of the Christian Church
250 _aThird edition.
264 1 _aOxford :
_bOxford University Press,
_c2013.
300 _aviii, 632 pages ;
_c20 cm
336 _atext
_btxt
_2rdacontent
337 _aunmediated
_bn
_2rdamedia
338 _avolume
_bnc
_2rdacarrier
490 0 _aOxford Paperback reference
505 0 _aAbbreviations -- Christian church [entries] -- Chronological list of popes and antipopes -- Chronological list of Archbishops of Canterbury -- Useful web links.
520 _aOver 6,000 entries provide authoritative coverage of theology, patristic scholarship, churches and denominations across the world, canon law, and the church calendar, as well as entries on theologians, philosophers, artists, musicians, and mystics. The third edition has been updated to reflect recent changes in the Church. Over 100 new entries cover topics such as the Antonian Movement, dispensationalism, Heilsgeschichte, Alvin Plantinga, Garima Gospels, and Intelligent Design.
650 0 _aTheology
_vDictionaries.
_91723
650 0 _aChristianity
_vDictionaries.
_917586
655 7 _aDictionaries.
_2fast
_0(OCoLC)fst01423826
_93629
700 1 _aLivingstone, Elizabeth A.,
_eeditor.
_92716
700 1 _aSparks, M. W. D.
_917587
700 1 _aPeacocke, R. W.
_917588
942 _2ddc
_cREF